[Event "Prva liga Centralne Srbije 2010"]
[Site "Valjevo"]
[Date "2010.09.20"]
[Round "4.6"]
[White "Markovic, Zoran S"]
[Black "Radovanovic, Jovica"]
[Result "1-0"]
[WhiteElo "2343"]
[BlackElo "2305"]
[PlyCount "47"]
[EventDate "2010.09.18"]

1. e4 c5 2. Nf3 Nc6 3. d4 cxd4 4. Nxd4 Nf6 5. Nc3 d6 6. f4 Bg4 7. Qd3 g6 8. Be3
Bd7 9. Be2 Bg7 10. O-O O-O 11. Bf3 a6 12. h3 Rc8 13. Rad1 Qc7 14. Rfe1 Rfd8 15.
g4 Nxd4 16. Bxd4 Be6 17. g5 Ne8 18. f5 Bc4 19. Qe3 Bxd4 20. Qxd4 Ng7 21. Bg4 e6
22. f6 Ne8 23. Re3 Qa5 24. h4 {...........} 1-0

[Event "Prva liga Centralne Srbije 2010"]
[Site "Valjevo"]
[Date "2010.09.20"]
[Round "4.6"]
[White "Pantelic, Sasa"]
[Black "Nestorovic, Dejan"]
[Result "1-0"]
[WhiteElo "2359"]
[BlackElo "2414"]
[PlyCount "69"]
[EventDate "2010.09.18"]

1. d4 Nf6 2. Nf3 e6 3. c4 Bb4+ 4. Nc3 b6 5. Bg5 h6 6. Bh4 O-O 7. e3 Bb7 8. Qc2
c5 9. a3 cxd4 10. Nxd4 Be7 11. Rd1 a6 12. f3 d6 13. Be2 Nbd7 14. Bf2 Rc8 15.
O-O d5 16. Qb3 dxc4 17. Bxc4 b5 18. Bxe6 Rxc3 19. Qxc3 fxe6 20. Nxe6 Qc8 21.
Qb3 Rf7 22. Rc1 Qb8 23. e4 Bd6 24. h3 Qe8 25. Rfd1 Bb8 26. Bd4 Kh7 27. Nd8 Bd5
28. exd5 Qxd8 29. Rc6 Ne5 30. Qc2+ Ng6 31. Rxa6 Bd6 32. Qc6 Ne8 33. Ra8 Bb8 34.
Bb6 Nc7 35. d6 1-0

[Event "Prva liga Centralne Srbije 2010"]
[Site "Valjevo"]
[Date "2010.09.20"]
[Round "4.6"]
[White "Lapcevic, Milos"]
[Black "Misojcic, Miroslav"]
[Result "1/2-1/2"]
[WhiteElo "2421"]
[BlackElo "2248"]
[PlyCount "164"]
[EventDate "2010.09.18"]

1. d4 d5 2. c4 e6 3. Nc3 c5 4. cxd5 exd5 5. Nf3 Nc6 6. g3 Nf6 7. Bg2 Be7 8. O-O
O-O 9. Bg5 b6 10. Rc1 Be6 11. Qa4 Rc8 12. Rfd1 Nxd4 13. Nxd4 cxd4 14. Rxd4 h6
15. Bf4 Bc5 16. Rdd1 Qe7 17. e3 Rfd8 18. Be5 a5 19. Qh4 Ne4 20. Qxe7 Bxe7 21.
Nb5 Rxc1 22. Rxc1 Rc8 23. Rc7 Rxc7 24. Nxc7 Bf6 25. Bd4 Bxd4 26. exd4 Nf6 27.
Bf1 Bd7 28. Na8 b5 29. Nc7 b4 30. Bb5 Bxb5 31. Nxb5 Nd7 32. Nc7 Nb6 33. b3 Kf8
34. Na6 Nd7 35. Nc7 Nb6 36. f3 Ke7 37. Kf2 Kd7 38. Na6 Kc6 39. Nc5 Nc8 40. Nd3
f6 41. Nf4 Nd6 42. Ke3 g5 43. Nh5 Ne8 44. f4 Kd6 45. f5 Ke7 46. g4 Nc7 47. Kd3
Nb5 48. Ng7 Nc7 49. h3 Kf7 50. Nh5 Ke7 51. Ng3 Nb5 52. Nf1 Kd6 53. Ne3 Nc7 54.
Nf1 Nb5 55. Ne3 Nc7 56. Nd1 Kc6 57. Nb2 Na6 58. Ke3 Kd6 59. Nd3 Kd7 60. Nc1 Kd6
61. Ne2 Nc7 62. Kd3 Nb5 63. Ng3 Na7 64. Nf1 Nb5 65. Ne3 Nc7 66. Nd1 Nb5 67. Ke3
Nc7 68. Ke2 Nb5 69. Kd3 Nc7 70. Nb2 Na6 71. Ke3 Nc7 72. Nd3 Na6 73. Kd2 Kc6 74.
Kc2 Kd6 75. Kb2 Kc6 76. Nf2 Nc7 77. Kc2 Kd6 78. Kd2 Na6 79. Nh1 Nc7 80. Ng3 Na6
81. Nh5 Ke7 82. Kc2 Nc7 1/2-1/2

[Event "Prva liga Centralne Srbije 2010"]
[Site "Valjevo"]
[Date "2010.09.20"]
[Round "4.6"]
[White "Misic, Dragan"]
[Black "Prelevic, Dusko"]
[Result "1/2-1/2"]
[WhiteElo "2300"]
[BlackElo "2342"]
[PlyCount "105"]
[EventDate "2010.09.18"]

1. d4 c5 2. c3 e6 3. Nf3 Nf6 4. g3 b5 5. Bg2 Bb7 6. Bg5 cxd4 7. Bxf6 gxf6 8.
cxd4 d5 9. O-O Nc6 10. Nc3 Qb6 11. Qd2 Bg7 12. Rac1 O-O 13. h4 Ne7 14. Rc2 Nf5
15. Rfc1 Rac8 16. e3 Nd6 17. b3 Ne4 18. Nxe4 dxe4 19. Ne1 f5 20. Bf1 Rxc2 21.
Rxc2 Rc8 22. Qb4 a6 23. Qe7 Rxc2 24. Nxc2 Bd5 25. Nb4 Qb7 26. Qd8+ Bf8 27. Nxd5
Qxd5 28. Qxd5 exd5 29. Bh3 Kg7 30. Bxf5 h6 31. Bc8 Kf6 32. Bxa6 b4 33. Kg2 Bd6
34. Kh3 Ke6 35. Kg4 Bf8 36. Bc8+ Kf6 37. Kh5 Ke7 38. g4 Kf6 39. Bb7 Ke6 40. g5
hxg5 41. Kxg5 Be7+ 42. Kg4 f5+ 43. Kg3 Bd6+ 44. Kh3 Bf8 45. h5 Bh6 46. Kg3 Bf8
47. Bxd5+ Kxd5 48. Kf4 Ke6 49. Kg5 Bg7 50. h6 Bh8 51. h7 Bg7 52. Kg6 Bh8 53.
Kg5 1/2-1/2

[Event "Prva liga Centralne Srbije 2010"]
[Site "Valjevo"]
[Date "2010.09.20"]
[Round "4.6"]
[White "Organdziev, Oliver"]
[Black "Urosevic, Zoran"]
[Result "1-0"]
[WhiteElo "2321"]
[BlackElo "2255"]
[PlyCount "79"]
[EventDate "2010.09.18"]

1. e4 c5 2. Nf3 d6 3. Bb5+ Bd7 4. Bxd7+ Nxd7 5. O-O Ngf6 6. Re1 e6 7. c3 Be7 8.
d4 O-O 9. Bg5 h6 10. Bh4 cxd4 11. cxd4 Nh5 12. Bxe7 Qxe7 13. Nc3 Nf4 14. Qd2
Ng6 15. Rac1 a6 16. Rc2 Rfc8 17. Rec1 Qd8 18. g3 Ne7 19. Kg2 b5 20. Ne2 Rxc2
21. Rxc2 d5 22. e5 a5 23. Nf4 Rc8 24. Rxc8 Nxc8 25. Qc3 Na7 26. Nd3 Qb6 27. a3
Nc6 28. b4 a4 29. h4 Na7 30. g4 Qc6 31. Nc5 Nf8 32. Kg3 Nd7 33. h5 f6 34. Qe3
fxe5 35. Nxe5 Nxe5 36. Qxe5 Kf7 37. g5 hxg5 38. Qxg5 Kf8 39. Qd8+ Kf7 40. Nd7
1-0

[Event "Prva liga Centralne Srbije 2010"]
[Site "Valjevo"]
[Date "2010.09.20"]
[Round "4.6"]
[White "Micic, Nenad"]
[Black "Andrejic, Vladica"]
[Result "1-0"]
[WhiteElo "2257"]
[BlackElo "2163"]
[PlyCount "109"]
[EventDate "2010.09.18"]

1. d4 Nf6 2. c4 e5 3. dxe5 Ng4 4. Nf3 Bc5 5. e3 Nc6 6. Be2 O-O 7. O-O Re8 8. a3
a5 9. b3 Ngxe5 10. Bb2 Nxf3+ 11. Bxf3 Ne5 12. Be2 Ra6 13. Nd2 Rh6 14. g3 b6 15.
Bxe5 Rxe5 16. Bf3 Qe8 17. Re1 Qe6 18. b4 Bf8 19. Qc2 Qh3 20. Nf1 d6 21. Rad1
Bg4 22. Qe2 Be6 23. Bg2 Qh5 24. Qxh5 Rexh5 25. Bd5 Bh3 26. bxa5 bxa5 27. Rb1
Be6 28. e4 c6 29. Bxc6 Bxc4 30. Ne3 Be6 31. h4 g5 32. hxg5 Rxg5 33. Kg2 Rc5 34.
Rec1 Rhh5 35. Bd5 Bh6 36. Rxc5 dxc5 37. Bxe6 fxe6 38. Ng4 Bg7 39. f4 c4 40.
Rb8+ Kf7 41. e5 Bf8 42. a4 Bb4 43. Rc8 c3 44. Nf6 Rh6 45. Ne4 Rg6 46. Nxc3 h5
47. Kf3 Bxc3 48. Rxc3 Rg8 49. Rc7+ Kg6 50. Re7 Rc8 51. Rxe6+ Kg7 52. Ra6 Rc3+
53. Kg2 Ra3 54. Rxa5 Kg6 55. e6 1-0

[Event "Prva liga Centralne Srbije 2010"]
[Site "Valjevo"]
[Date "2010.09.20"]
[Round "4.2"]
[White "Solomunovic, Igor"]
[Black "Simic, Dragisa"]
[Result "1-0"]
[WhiteElo "2406"]
[BlackElo "2348"]
[PlyCount "49"]
[EventDate "2010.09.18"]

1. e4 e6 2. d4 d5 3. exd5 exd5 4. c4 Nf6 5. Nc3 Be7 6. Nf3 O-O 7. Bd3 dxc4 8.
Bxc4 Nbd7 9. O-O Nb6 10. Bb3 Nbd5 11. h3 Bf5 12. Re1 c6 13. Bg5 h6 14. Bh4 Be6
15. Ne5 Nxc3 16. bxc3 Bxb3 17. Qxb3 Rb8 18. Rad1 Nd5 19. Bg3 Bd6 20. c4 Nf6 21.
Bh4 Be7 22. d5 cxd5 23. cxd5 Bd6 24. Ng4 Kh7 25. Qd3+ 1-0